1781 1781 1505 1378 1982 1272 1461 1011 1746 1100 1114 1999 1742 1668 1446 1585 1871 1105 1664 1848 1529 1040 1488 1751 1057 1035 1923 1622 1721 1914 1888 1393 1865 1133 1982 1173 1101 1501 1266 1824 1102 1494 1894 1690 1405 1782 1102 1051 1673 1495 1166 1164 1882 1857 1918 1471 1540 1046 1080 1047 1340 1780 1003 1408 1016 1330 1571 1450 1161 1601 1987 1099 1036 1959 1882 1604 1836 1664 1214 1516 1975 1412 1342 1999 1168 1582 1671 1680 1827 1825 1645 1931 1812 1320 1666 1256 1684 1186 1531 BCNSPRNW ULIB Ver.6.0+V

เปลี่ยนเป็นภาษาไทย

Change to English
 แสดงรายละเอียดบรรณานุกรม
  กลับหน้าหลัก

Brief Record : Get Marc (ISO 2709) : E-mail record : QR code < ปิดหน้าต่าง
LEADER : 00000nam 2200000uu 4500
001    13399122559
003     ULIB
008    130731s2552||||th 000 0 tha d
099    ^aวจ.WM172^bป446ศ
100 0  ^aปราณี ศรีสรรพพางค์
245 00 ^aศึกษาความสัมพันธ์ระหว่างความเครียดและการปรับตัวในการสอบขึ้นทะเบียน เพื่อรับใบประกอบวิชาชีพจากสภาการพยาบาล/^cปราณี ศรีสรรพพางค์
260    ^aนครสวรรค์ :^bวิทยาลัยพยาบาลบรมราชชนนี สวรรค์ประชารักษ์ นครสวรรค์,^c2552
300    ^a109 หน้า
650  7 ^aวิทยาลัยพยาบาลบรมราชชนนี สวรรค์ประชารักษ์ นครสวรรค์
650  7 ^aวิชาชีพพยาบาล
945    ^p0^l0^i20007
995    ^aทศพร
999    ^aทศพร เกษรทอง
รายการนี้ยังไม่มีแท็ก
คุณยังไม่ได้ล็อกอิน คุณสามารถมีกิจกรรมร่วมกับเว็บไซต์ได้ แต่ต้องล็อกอินก่อน ::
  ล็อกอิน

รายการสื่อสารสนเทศ

ลำดับที่ ประเภท เลขเรียก/บาร์โค้ด สถานที่ สถานะ
1. งานวิจัย
งานวิจัย
วจ.WM172 ป446ศ ฉ.1 
  Barcode: 20007
ห้องสมุดวิทยาเขตสวรรค์ประชารักษ์
►วิจัย
บนชั้น

รายการใกล้เคียง
    ผู้แต่ง [ปราณี ศรีสรรพพางค์]

    หัวเรื่อง [วิทยาลัยพยาบาลบรมราชชนนี สวรรค์ประชารักษ์ นครสวรรค์]
    หัวเรื่อง [วิชาชีพพยาบาล]

BibComment


ยังไม่เคยถูกคอมเมนท์

คอมเมนท์ทรัพยากรรายการนี้
  คอมเมนท์: ศึกษาความสัมพันธ..


 Copyright 2026. Bcnsprnw @Library